000 01974cam a22005174i 4500
003 PE-LiUPU
005 20250731172700.0
008 150616s r 000 0 d
035 _a(Sirsi) a10030
040 _aPE-LiUPU
_bspa
_cPE-LiUPU
_erda
049 _aPRUA
082 0 4 _a296.155
_bV52
_221
100 1 _aVermes, Geza,
_eautor.
245 1 4 _aThe dead sea scrolls in english.
250 _a4a
264 1 _aLondon :
_bPenguin books,
_c1995.
300 _a391 páginas ;
_c20.5 cm.
336 _atext
_2rdacontent
337 _aunmediated
_2rdamedia
338 _avolume
_2rdacarrier
490 0 _aPerguin books. Religion
504 _aIncluye bibliografía.
505 0 _aThe community -- The history of the community -- The religious ideas of the community: The rules -- Hymns, liturgies and wisdom poetry -- Bible interpretation -- Miscellania.
526 _aSEG42
526 _aSEG41
526 _aSEG40
526 _aSEG39
526 _aP94
526 _aP87
526 _aP86
526 _aP85
526 _aP77
526 _aP76
526 _aP35
650 0 4 _aMANUSCRITOS DEL MAR MUERTO.
910 _ajck
_bjvq
_cjck
942 _2ddc
_cBOOK
949 _a296.155 V52
_wDEWEY
_c1
_i45203
_lCCODEBUL1
_mBUL
_p00.00
_r0
_sY
_tBOOK
_u2015-04-23
_xBIBLIOTECA
_zUNKNOWN
_0COMPRA
_o.STAFF. Colección General
949 _a296.155 V52
_wDEWEY
_c2
_i43573
_lCCODEBUL1
_mBUL
_p00.00
_r0
_sY
_tBOOK
_u19980103
_xTEOLOGIA
_zUNKNOWN
_0COMPRA
_o.STAFF. Colección General
994 _aC0
_bPEPRU
596 _a1
999 _a296.155 V52
_wDEWEY
_c37
_i45203
_f2021-11-11
_g5
_lCCODEBUL1
_mBUL
_r0
_sY
_tBOOK
_u2015-4-23
_xTEOLOGIA
_zUNKNOWN
_0COMPRA
_o.STAFF. Colección General
_d37
999 _a296.155 V52
_wDEWEY
_c2
_i43573
_f2021-11-12
_g5
_lCCODEBUL1
_mBUL
_r0
_sY
_tBOOK
_u2015-6-16
_xTEOLOGIA
_zUNKNOWN
_0COMPRA
_o.STAFF. Colección General
980 _81
_gALBERTO SANCHEZ Responsable de Automatización